Sanat - "Ystävän remppa" -Arttu Wiskari - Statistics

Yleistilastot
  • Tätä visaa on pelattu 33 kertaa
  • Keskiarvotulos 83 / 178
Vastaustilastot
Vastaus % Oikein
Me
75%
me
75%
ystävän
75%
hän
67%
hiekkalaatikolla
67%
on
67%
paikal
67%
ei
58%
ja
58%
jos
58%
kun
58%
oli
58%
olla
58%
oltiin
58%
remppapäivänä
58%
58%
se
58%
sen
58%
siitä
58%
Siitä
58%
tunnet
58%
joka
50%
kantamassa
50%
kuin
50%
kysyit
50%
paikalla
50%
reppu
50%
sanoi
50%
sulla
50%
Turtles
50%
voitko
50%
asti
42%
autosta
42%
faijasi
42%
krapulassa
42%
levyjä
42%
42%
paita
42%
peppu
42%
sanoit
42%
tais
42%
taisi
42%
terve
42%
tutustuimme
42%
työkaluja
42%
vuosituhannen
42%
yksin
42%
alkaa
33%
apupyörät
33%
asentaa
33%
Gyproc
33%
hissi
33%
itse
33%
kämppä
33%
kantaen
33%
kastuu
33%
käytöstä
33%
masentaa
33%
näytöstä
33%
pois
33%
saako
33%
selän
33%
Sukat
33%
tiskikoneen
33%
Tommi
33%
Turmiolan
33%
vaikka
33%
venäytys
33%
aikaisen
25%
ajatuksen
25%
asua
25%
aukes
25%
ennen
25%
IFillä
25%
ihmeen
25%
jeesiä
25%
jostain
25%
joulun
25%
kauhea
25%
kaupalla
25%
kaupungin
25%
kesäkuussa
25%
korkeakoulun
25%
muistin
25%
oma
25%
ovi
25%
paljon
25%
pommi
25%
Sai
25%
siellä
25%
toistakymmentä
25%
vanhan
25%
vastuu
25%
yöllä
25%
hiukan
17%
tarjosit
17%
vuotta
17%
Ehtoja vastaavia visoja ei löytynyt
Tulosjakauma
Jokaisen tuloksen saaneiden osuus
Persentiili vastausten määrän mukaan
Tuloshistoriasi
Et ole pelannut tätä visaa